Statistics for Capitals which have their Countries Name in it.

Click here to take the quiz!

General Stats

  • This quiz has been taken 33 times
    (22 since last reset)
  • The average score is 8 of 11

Answer Stats

Answer% Correct
Mexico City
95%
Vatican City
95%
Panama City
89%
Guatemala City
84%
Kuwait City
84%
San Marino
74%
Monaco
68%
Singapore
58%
Luxembourg
53%
Andorra la Vella
47%
Djibouti
42%

Score Distribution

Percentile by Number Answered

Percent of People with Each Score

Your Score History

You have not taken this quiz since the last reset